| Tag |
First Indicator |
Second Indicator |
Subfields |
| LEADER |
00000cam a22000008a 4500 |
| 001 |
in00000090935 |
| 005 |
20200418063204.0 |
| 008 |
811027s1982 miuach bd 00100ceng |
| 010 |
|
|
|a 81019234
|
| 020 |
|
|
|a 0810309378 (v. 1) :
|c $124.00
|
| 035 |
|
|
|a (OCoLC)07947395
|
| 035 |
|
|
|9 AAK3001AM
|
| 039 |
0 |
|
|a 2
|b 3
|c 3
|d 3
|e 3
|
| 040 |
|
|
|a DLC
|c DLC
|d TXA
|d UtOrBLW
|
| 043 |
|
|
|a e-uk---
|
| 049 |
|
|
|a TXAF
|d [
|v = pt.]
|v 1 [1672733]
|v 2 [1672734]
|
| 050 |
0 |
0 |
|a PR623
|b .M63 1982
|
| 050 |
|
4 |
|a PN451
|b .D53 v.10
|
| 245 |
0 |
0 |
|a Modern British dramatists, 1900-1945 /
|c edited by Stanley Weintraub ; foreword by Sir Harold Hobson.
|
| 264 |
|
1 |
|a Detroit, Mich. :
|b Gale Research Co.,
|c 1982.
|
| 300 |
|
|
|a 2 volumes :
|b illustrations, facsimiles, portraits ;
|c 29 cm.
|
| 336 |
|
|
|a text
|b txt
|2 rdacontent
|
| 337 |
|
|
|a unmediated
|b n
|2 rdamedia
|
| 338 |
|
|
|a volume
|b nc
|2 rdacarrier
|
| 490 |
1 |
|
|a Dictionary of literary biography ;
|v v. 10
|
| 500 |
|
|
|a "A Bruccoli Clark book."
|
| 504 |
|
|
|a Includes bibliographies and index.
|
| 505 |
0 |
|
|a Pt. 1. A-L -- pt. 2. M-Z.
|
| 650 |
|
0 |
|a Dramatists, English
|y 20th century
|v Biography
|x Dictionaries.
|
| 650 |
|
0 |
|a English drama
|y 20th century
|x Bio-bibliography.
|
| 700 |
1 |
|
|a Weintraub, Stanley,
|d 1929-2019.
|
| 830 |
|
0 |
|a Dictionary of literary biography ;
|v v. 10.
|
| 856 |
4 |
1 |
|u http://proxy.library.tamu.edu/login?url=http://galenet.galegroup.com/servlet/GLA?dd=0&locID=txshracd2898&srchtp=a&sSte=10&c=1&typ=All&sDocNum=BK1497655002&docNum=BK1497659999&vrsn=1.0&l0=1982&srs=dlb&af=RN&ste=25&stp=SeriesTitle&d4=0.25&dc=tiPG&n=30&tiPG=0
|z Connect to the online version of this resource
|t 0
|
| 999 |
|
|
|a MARS
|
| 999 |
f |
f |
|s 15e5706b-161e-3e57-be52-cb26caaa14ba
|i 465e0ba1-b270-36ee-b106-60ce55549caf
|t 0
|
| 952 |
f |
f |
|p storage
|a Texas A&M University
|b J.J. Pickle Campus
|c High Density Repository
|d Remote Storage
|t 0
|e PN451 .D53 v.10
|h Library of Congress classification
|i unmediated -- volume
|k pt.1
|m A14806182988
|
| 952 |
f |
f |
|p storage
|a Texas A&M University
|b J.J. Pickle Campus
|c High Density Repository
|d Remote Storage
|t 0
|e PN451 .D53 v.10
|h Library of Congress classification
|i unmediated -- volume
|k pt.2
|m A14806182996
|
| 998 |
f |
f |
|a PN451 .D53 v.10
|s pt.1-pt.2
|t 0
|l Remote Storage
|